Geology and water resources of the Harney Basin region, Oregon, (Record no. 24824)

MARC details
000 -LEADER
fixed length control field 01069cam a22002771 4500
001 - CONTROL NUMBER
control field gs 09000145
003 - CONTROL NUMBER IDENTIFIER
control field DLC
005 - DATE AND TIME OF LATEST TRANSACTION
control field 20260227111308.0
007 - PHYSICAL DESCRIPTION FIXED FIELD--GENERAL INFORMATION
fixed length control field cr_|||||||||||
008 - FIXED-LENGTH DATA ELEMENTS--GENERAL INFORMATION
fixed length control field 850501s1909 dcubf f000 0 eng c
010 ## - LIBRARY OF CONGRESS CONTROL NUMBER
LC control number gs 09000145
035 ## - SYSTEM CONTROL NUMBER
System control number (OCoLC)11988817
040 ## - CATALOGING SOURCE
Original cataloging agency Library, U.S. Geol. Survey
Transcribing agency NRU
Modifying agency NRU
-- DLC
050 00 - LIBRARY OF CONGRESS CALL NUMBER
Classification number TC801
Item number .U2 no. 231
051 ## - LIBRARY OF CONGRESS COPY, ISSUE, OFFPRINT STATEMENT
Classification number GB705.O7
Item number W4
Copy information Copy 2
100 1# - MAIN ENTRY--PERSONAL NAME
Personal name Waring, Gerald A.
Fuller form of name (Gerald Ashley),
Dates associated with a name 1883-
245 00 - TITLE STATEMENT
Title Geology and water resources of the Harney Basin region, Oregon,
Statement of responsibility, etc. by Gerald A. Waring.
260 ## - PUBLICATION, DISTRIBUTION, ETC.
Place of publication, distribution, etc. Washington,
Name of publisher, distributor, etc. Govt. Print. Off.,
Date of publication, distribution, etc. 1909.
300 ## - PHYSICAL DESCRIPTION
Extent 93 p.
Other physical details v pl. (incl. fold. maps, 2 in pocket)
Dimensions 23 cm.
490 0# - SERIES STATEMENT
Series statement Geological Survey (U.S.). Water-supply paper,
Volume/sequential designation 231
500 ## - GENERAL NOTE
General note TC801.U2 no. 231 bound with Water-supply paper no. 232-no. 235 subsequent to publication.
530 ## - ADDITIONAL PHYSICAL FORM AVAILABLE NOTE
Additional physical form available note Also available in digital form on the Internet Archive Web site.
650 #0 - SUBJECT ADDED ENTRY--TOPICAL TERM
Topical term or geographic name entry element Geology
Geographic subdivision Oregon.
650 #0 - SUBJECT ADDED ENTRY--TOPICAL TERM
Topical term or geographic name entry element Water-supply
Geographic subdivision Oregon.
856 41 - ELECTRONIC LOCATION AND ACCESS
Uniform Resource Identifier <a href="http://hdl.loc.gov/loc.gdc/scd0001.00199538524">http://hdl.loc.gov/loc.gdc/scd0001.00199538524</a>

No items available.

Powered by Koha